000 00611nam a22002057a 4500
003 OSt
005 20260422072710.0
008 251027b |||||||| |||| 00| 0 eng d
020 _a978-0-06-135791-6.
040 _aDWCL-Main lib
_cOC
082 _aCirc. 791.43 P756m 2000
100 _aPoiter, Sidney
245 _aThe measure of a man :
_ba spiritual autobiography
260 _aN. Y. :
_bHarper Collins Pub.,
_cc2000.
300 _axiii, 255 pages ;
_c24 cm.
504 _aIncludes index.
650 _a1. Actors-United States-Biography.
650 _22. Sidney, Poiter.
942 _2ddc
_cBK-CIRC
_kCirc.
_n0
999 _c5143
_d5143